| 000 | 00626cam a22002293a 4500 | ||
|---|---|---|---|
| 001 | 8680 | ||
| 003 | PGUSA | ||
| 005 | 20140828083203.0 | ||
| 008 | 050801s2005||||xxu|||||s|||||000 1 eng d | ||
| 040 |
_aPGUSA _beng |
||
| 042 | _adc | ||
| 050 | 4 | _aPS | |
| 100 | 1 |
_aTaylor, Bayard, _d1825-1878 |
|
| 245 | 1 | 4 |
_aThe Story of Kennett _h[electronic resource] / _cBayard Taylor |
| 260 |
_bProject Gutenberg, _c2005 |
||
| 506 | _aPublic domain in the USA. | ||
| 516 | _aElectronic text | ||
| 653 | _aPennsylvania -- Fiction | ||
| 830 | 0 |
_aProject Gutenberg _v8680 |
|
| 856 | 4 | 0 | _uhttp://www.gutenberg.org/ebooks/8680 |
| 942 | _cEB | ||
| 999 |
_c237980 _d237980 |
||